000 00823nam a2200217Ia 4500
005 20251104104030.0
008 210716s2018 xx 000 0 und d
020 _a9789352136766
040 _cAIMIT LIBRARY
041 _aeng
082 _a005.76
_21
_bLAKV
100 _aLakshmanan, Valliappa.
_944949
245 _aData science on the google cloud platform :
_bimplementing end to end real time data pipelines: fron ingest to machine learning /
_cBy Valliappa Lakshmanan.
250 _a1st ed.
260 _aNew Delhi :
_bShroff Publications and Distributers Pvt Ltd ,
_c2018.
300 _axiv, 391p. ;
_c23 cm.
_bPB
650 _aIngesting data into the cloud
_944950
650 _aBayes classifier on cloud dataproc
_944951
650 _aREal- time machine learning
_944952
942 _2ddc
_cBK
_e1st
_k005.76 LAKV
999 _c196863
_d196863